[Event "Birmingham 4NCL op 1st"]
[Site "Birmingham"]
[Date "2015.01.31"]
[Round "3"]
[White "Huq, Robin"]
[Black "Bramson, Mike"]
[Result "1/2-1/2"]
[WhiteElo "2039"]
[BlackElo "1830"]
[PlyCount "53"]
[EventDate "2015.01.30"]
[EventType "swiss"]
[EventRounds "5"]
[EventCountry "ENG"]
[SourceTitle "EXT 2023"]
[Source "ChessBase"]
[SourceDate "2022.10.05"]
[SourceVersion "1"]
[SourceVersionDate "2022.10.05"]
[SourceQuality "1"]

1. d4 d5 2. Nf3 Nf6 3. c4 e6 4. Nc3 c6 5. cxd5 exd5 6. Bg5 Be7 7. Qc2 Nbd7 8. e3 0-0 9. Bd3 Re8 10. 0-0 h6 11. Bh4 Ne4 12. Bxe7 Qxe7 13. Rae1 Ndf6 14. Ne5 Nxc3 15. bxc3 Ng4 16. Nxg4 Bxg4 17. f3 Bd7 18. Qf2 Qa3 19. Qd2 c5 20. Rb1 c4 21. Bc2 b5 22. e4 a5 23. exd5 Re7 24. Rfe1 Rae8 25. Rxe7 Qxe7 26. d6 Qxd6 27. Re1 1/2-1/2

[Event "East Devon op"]
[Site "Exeter"]
[Date "2009.03.08"]
[Round "4"]
[White "Huq, Robin"]
[Black "Ippel, Cornelius J"]
[Result "1-0"]
[WhiteElo "1832"]
[BlackElo "1840"]
[PlyCount "80"]
[EventDate "2009.03.06"]
[EventType "swiss"]
[EventRounds "5"]
[EventCountry "ENG"]
[SourceTitle "EXT 2011"]
[Source "ChessBase"]
[SourceDate "2010.11.26"]
[SourceVersion "1"]
[SourceVersionDate "2010.11.26"]
[SourceQuality "1"]

1. d4 e6 2. Nf3 d5 3. c4 c6 4. e3 Nf6 5. Nbd2 Bb4 6. a3 Ba5 7. b4 Bc7 8. Bb2 0-0 9. Bd3 Nbd7 10. 0-0 Re8 11. Ne5 Nf8 12. f4 dxc4 13. Ndxc4 Nd5 14. Qe2 f6 15. Nf3 b5 16. Ncd2 Bb7 17. g3 Bb6 18. e4 Nc7 19. Nb3 e5 20. fxe5 fxe5 21. Nc5 Bxc5 22. dxc5 Ng6 23. h4 Ne6 24. Rad1 Nd4 25. Nxd4 exd4 26. Bb1 Qc7 27. Qg2 Bc8 28. Rxd4 Be6 29. Rd6 Bc4 30. Rfd1 Re7 31. e5 Bd5 32. R1xd5 cxd5 33. Qxd5+ Rf7 34. Qxa8+ Rf8 35. Qd5+ Kh8 36. Bxg6 hxg6 37. Rd7 Qb8 38. Qd6 Qa8 39. c6 Kh7 40. e6 Rg8 1-0

[Event "Torquay op"]
[Site "Torquay"]
[Date "2008.11.22"]
[Round "2"]
[White "Huq, Robin"]
[Black "Brusey, Alan W"]
[Result "1/2-1/2"]
[WhiteElo "2023"]
[BlackElo "2059"]
[PlyCount "91"]
[EventDate "2008.11.21"]
[EventType "swiss"]
[EventRounds "5"]
[EventCountry "ENG"]
[SourceTitle "EXT 2011"]
[Source "ChessBase"]
[SourceDate "2010.11.26"]
[SourceVersion "1"]
[SourceVersionDate "2010.11.26"]
[SourceQuality "1"]

1. d4 d5 2. c4 c6 3. Nf3 Nf6 4. e3 e6 5. Nbd2 c5 6. Be2 Nc6 7. 0-0 cxd4 8. exd4 Be7 9. b3 Ne4 10. Bb2 f5 11. Nxe4 fxe4 12. Ne5 0-0 13. f3 exf3 14. Rxf3 Rxf3 15. Bxf3 Nxe5 16. dxe5 Qb6+ 17. Bd4 Bc5 18. Bxc5 Qxc5+ 19. Kh1 d4 20. Qe2 Rb8 21. Be4 g6 22. Bd3 Bd7 23. Rf1 Rf8 24. Rxf8+ Qxf8 25. h3 Qf4 26. Qe4 Qxe4 27. Bxe4 Bc6 28. Bd3 Kf7 29. Kg1 Ke7 30. Kf2 Kd8 31. g3 Kc7 32. b4 a6 33. Ke2 Bg2 34. h4 Kc6 35. Kf2 Bh1 36. Kg1 Bf3 37. Kf2 Bg4 38. Be4+ Kc7 39. Ke1 b5 40. cxb5 axb5 41. Kd2 Bh3 42. Kd3 Bf5 43. Kxd4 Bxe4 44. Kxe4 Kc6 45. h5 gxh5 46. Kd4 1/2-1/2

[Event "Paington op"]
[Site "Paington"]
[Date "2008.09.03"]
[Round "4"]
[White "Huq, Robin"]
[Black "Lewyk, Ihor"]
[Result "1/2-1/2"]
[WhiteElo "1832"]
[BlackElo "2149"]
[PlyCount "56"]
[EventDate "2008.08.31"]
[EventType "swiss"]
[EventRounds "7"]
[EventCountry "ENG"]
[SourceTitle "EXT 2010"]
[Source "ChessBase"]
[SourceDate "2010.11.25"]
[SourceVersion "1"]
[SourceVersionDate "2010.11.25"]
[SourceQuality "1"]

1. d4 Nf6 2. Bg5 e6 3. Nd2 d5 4. e3 Be7 5. Bd3 b6 6. Ngf3 Nbd7 7. c3 Bb7 8. a4 c5 9. Ne5 Nxe5 10. dxe5 Nd7 11. Bf4 f5 12. h4 h5 13. Bg3 g6 14. Bb5 a6 15. Bxd7+ Qxd7 16. Nf3 0-0 17. 0-0 Rfd8 18. Bf4 Qc6 19. Qc2 Rd7 20. Rfd1 Rad8 21. Rd2 Kg7 22. Rad1 Qc7 23. Ng5 Qc6 24. Nf3 Kf8 25. Bh6+ Ke8 26. Bf4 Kf7 27. Kf1 Ke8 28. Kg1 Kf7 1/2-1/2

[Event "Civil Service Major op"]
[Site "London"]
[Date "2005.11.05"]
[Round "1"]
[White "Huq, Robin"]
[Black "Fleischer, Jeff H"]
[Result "1-0"]
[WhiteElo "1824"]
[BlackElo "1616"]
[PlyCount "37"]
[EventDate "2005.11.05"]
[EventType "swiss"]
[EventRounds "5"]
[EventCountry "ENG"]
[SourceTitle "EXT 2007"]
[Source "ChessBase"]
[SourceDate "2006.11.23"]
[SourceVersion "1"]
[SourceVersionDate "2006.11.23"]
[SourceQuality "1"]

1. d4 Nf6 2. Bg5 g6 3. Bxf6 exf6 4. e3 Bg7 5. Bd3 0-0 6. Ne2 Re8 7. Nd2 d5 8. Nf4 Bh6 9. Qf3 c6 10. h4 Qd6 11. 0-0-0 Nd7 12. g4 Bxf4 13. exf4 Nb6 14. g5 f5 15. h5 Bd7 16. c3 Re7 17. Kc2 Rae8 18. Rh4 Re1 19. hxg6 1-0